000
00288nam a2200121Ia 4500
008
191201s2010 xx 000 0 und d
100
_a
CHARY, S.N.
245
0
_a
Production and Operations Management
260
_a
N. Delhi
_b
TMH
_c
2010
300
_a
misc
650
_a
BBA
942
_2
ddc
_c
BK
999
_c
6590
_d
6590